[Event "Championship of Israel prel"]
[Site "Tel Aviv"]
[Date "2000.08.25"]
[Round "9"]
[White "Golod, Vitali"]
[Black "Zak, Uriel"]
[Result "1-0"]
[WhiteElo "2590"]
[BlackElo "2341"]
[Annotator "Golod,V"]
[PlyCount "109"]
[EventDate "2000.08.16"]
[EventType "swiss"]
[EventRounds "9"]
[EventCountry "ISR"]
[SourceTitle "CBM 079"]
[Source "ChessBase"]
[SourceDate "2000.11.21"]
[SourceVersion "1"]
[SourceVersionDate "2000.11.21"]
[SourceQuality "1"]

1. d4 d5 2. c4 c6 3. Nc3 Nf6 4. Nf3 dxc4 5. a4 Bf5 6. e3 e6 7. Bxc4 Bb4 8. O-O
O-O 9. Qe2 Bg6 10. Ne5 Nbd7 11. Nxg6 hxg6 12. Na2 $5 {[%mdl 4] Quite rare move.
} (12. Rd1 $5 {It's main line.See comments to Gomez Esteban,J-Georgiev,V/
Elgoibar,1998/CBM 69(1-0)(Huebner,R)(37)}) 12... Bd6 ({Is a possibe
continuation of the play:} 12... Be7 $5 13. b4 a5 14. b5 c5 15. Bb2 cxd4 16.
Bxd4 Bc5 $11 {Ahmed,E-Frhat,A/Tanta,1998(1/2-1/2)(31)}) 13. e4 $5 e5 $140 14.
f4 $1 {[%csl Gd4,Rd6,Ge4,Gf4,Rf6][%cal Gd4e5,Gf4e5]} Qb6 $146 ({Most probably,
better is:} 14... exd4 15. e5 Re8 $5 (15... Bc5 16. Kh1 Nd5 17. b4 Be7 (17...
Nxb4 $2 18. Nxb4 Bxb4 19. e6 $40) 18. a5 Re8 19. Bd2 Nf8 20. Qe4 Qd7 21. Qxd4
$14 {Van Wely,L-Almasi,Z/Polanica Zdroj,2000(1/2-1/2)(107)}) 16. Qf2 (16. Bxf7+
$2 Kxf7 17. Qc4+ Nd5 18. exd6 Qf6 $15) (16. Qd1 $143 Bxe5 17. fxe5 Nxe5 $36)
16... Nxe5 17. fxe5 Bxe5 18. Bf4 $13) 15. Kh1 $8 ({Senselessly:} 15. a5 $2 {
in view of:} Qxd4+ 16. Be3 Qxe4 17. Nc3 (17. Bd3 $2 Qxe3+ 18. Qxe3 Bc5 $19)
17... Qf5 $17) 15... exd4 (15... Qxd4 $2 {is refuted by:} 16. Rd1 Qxe4 (16...
Qc5 $143 17. b4 $18) 17. Rxd6 Nb6 18. Bd3 Qxe2 19. Bxe2 $16) 16. e5 {[%csl Rd6,
Rf6]} Rae8 17. Qc2 {[%csl Gc2,Gc4,Rg8] It's,undoubtedly,best place for my
queen.} Bxe5 (17... Nxe5 $2 18. fxe5 Bxe5 19. Qxg6 $16) 18. fxe5 Nxe5 19. Bf4
$14 Nxc4 20. Qxc4 Re4 ({Very weakly:} 20... Qxb2 $2 {because of:} 21. Bd6 Ng4 (
21... Re2 $2 22. Bxf8 Rxg2 23. Bd6 Ng4 24. Qxf7+ Kh7 25. Qf3 Rxh2+ 26. Kg1 $18)
22. Bxf8 {[%csl Rf7][%cal Gc4f7]} Rxf8 23. Qc1 $16 (23. Rab1 $6 Qd2 $44 {
[%cal Gg4f2]})) 21. b3 {[%mdl 1024]} Rfe8 22. Rad1 $1 ({After:} 22. Nc1 $2 {
very strongly:} d3 $3 23. Qxd3 $140 $8 (23. Qc3 Nd5 $19 {[%csl Rf4,Rh1]}) 23...
Rxf4 $1 {and black has a big advantage:} 24. Rxf4 Re1+ 25. Qf1 $8 (25. Rf1 $2
Ng4 $1 $19 {[%cal Gg4f2]} (25... Qf2 $4 26. Na2 Rxf1+ 27. Qxf1 $18)) 25...
Rxf1+ 26. Rxf1 Ne4 $17) 22... Nd5 23. Bd2 Qc7 24. Rf3 {[%csl Yf3]} ({Much
worse is:} 24. Nc1 {in view of:} Rh4 25. h3 Qg3 $36) 24... Nf6 $6 {Absolute
illogical move.} ({Can be recommended:} 24... Qd7 $5 {/\Qg4;Re2(><g2).}) 25.
Rdf1 Qe5 26. Nc1 {[%csl Yc1][%cal Yc1d3] Knight is joining in the game with a
big effect.} Rh4 27. Bf4 ({Also it deserves attention:} 27. h3) 27... Qh5 28.
Bg3 Rg4 29. Nd3 Re3 30. Kg1 $1 {Strong preventive move.} (30. Qc5 $2 {is
refuted by:} Rxg3 $1 31. Qxh5 (31. Rxg3 $143 Qe2 $1 {[%csl Rd3,Rf1]} 32. Rc1
Rxg3 33. hxg3 Qxd3 $19) 31... Nxh5 32. hxg3 Nxg3+ 33. Kg1 Nxf1 34. Kxf1 $13 {
_|_}) 30... Qd5 ({Now weakly:} 30... Rxg3 31. Rxg3 Rxg3 32. Nf4 $5 (32. hxg3 $5
Ng4 33. Qxf7+ Kh7 34. Rf3 Qh2+ 35. Kf1 Qh1+ 36. Ke2 Qxg2+ 37. Ke1 (37. Nf2 $6
Ne5 {[%csl Rf3,Rf7]}) 37... Ne3 38. Nf2 $16) 32... Qe5 $1 (32... Qh6 $2 33.
hxg3 Ng4 34. Nh3 Qe3+ 35. Kh1 Qxg3 (35... Ne5 36. Qc5 $18) 36. Qxf7+ Kh7 37.
Qf4 $18) 33. hxg3 Qe3+ 34. Kh1 Ne4 35. Rf3 Qe1+ 36. Kh2 Nd2 37. Qxd4 Nxf3+ 38.
gxf3 $16) 31. Qxd5 {After queens was exchanged white always will have a big
advantage in the endgame.} Nxd5 32. Rxe3 dxe3 (32... Nxe3 $143 33. Rf4 $16) 33.
Nf4 Nc3 ({A little bit better is:} 33... Nb4 34. Rd1 {<->d} (34. Be1 $6 Nd5 $14
)) 34. Be1 $16 Ne4 35. h3 Rg5 36. Rf3 {[%csl Re3]} Rf5 {[%csl Rf4]} 37. Nd3 $1
(37. Rxe3 $143 Rxf4 38. g3 Nxg3 39. Bxg3 Rf5 {+/=/+/-}) 37... Rxf3 38. gxf3 Ng5
({Another alternative is:} 38... Nd2 39. Bxd2 exd2 40. Nb2 Kh7 41. Kf2 Kh6 42.
Ke2 Kg5 43. Nc4 $16 {[%csl Rb7,Rc6][%cal Gc4a5]}) 39. Kg2 Ne6 40. f4 {[%csl
Re3][%cal Gg2f3]} g5 $8 (40... Nd4 $143 41. b4 {/\42.Bc3 and 43.Kf3(קe3)}) 41.
fxg5 Nxg5 42. Nc5 $1 b6 $140 43. h4 {[%csl Yc5,Rg5][%cal Yc5e6,Yc5e4]} Nh7 44.
Nd7 {[%csl Yd7,Rh7][%cal Yd7f8,Yd7f6]} f5 45. Kf3 ({Most probably, also leads
to win:} 45. b4 Kf7 $140 46. Nxb6 $1 axb6 47. a5 Nf6 (47... bxa5 $2 48. bxa5
Nf6 49. a6 Nd5 50. Ba5 {[%csl Ya5,Ga6,Rd5][%cal Ya5d8]} e2 51. Kf2 $18) 48.
axb6 Nd7 49. b7 {[%cal Ge1g3]} f4 50. Kf3 $16) 45... g5 46. Kxe3 {[%csl Gd7,
Rh7]} gxh4 47. Bxh4 Nf8 48. Ne5 ({Also win:} 48. Nxf8 Kxf8 49. Kf4 Ke8 50. Kxf5
Kd7 51. Ke5 a5 (51... Kc7 52. Ke6 c5 53. Kd5 Kd7 54. Bg3 $18) 52. Be1 {[%csl
Ra5,Ya8,Ge1]} Kc7 53. Ke6 Kb7 54. Kd6 $18) 48... c5 49. Nc6 Ne6 50. Nxa7 $18 {
The rest is the matter of technics.} Nd4 51. Nc8 Nxb3 52. Nxb6 Kf7 53. Kd3 {
[%csl Yb3,Rc5][%cal Gd3c4]} Na5 54. Be1 Nc6 55. Kc4 1-0

[Event "Nuremberg LGA Cup 5th"]
[Site "Nuremberg"]
[Date "2008.09.07"]
[Round "6"]
[White "Siebrecht, Sebastian"]
[Black "Hector, Jonny"]
[Result "1/2-1/2"]
[WhiteElo "2453"]
[BlackElo "2537"]
[Annotator "Gutman,L"]
[PlyCount "98"]
[EventDate "2008.09.04"]
[EventType "swiss"]
[EventRounds "7"]
[EventCountry "GER"]
[SourceTitle "CBM 126 Extra"]
[Source "ChessBase"]
[SourceDate "2008.11.05"]
[SourceVersion "1"]
[SourceVersionDate "2008.11.05"]
[SourceQuality "1"]

1. d4 d5 2. Nf3 Nf6 3. c4 c6 4. Nc3 dxc4 5. a4 Bf5 6. e3 e6 7. Bxc4 Bb4 8. O-O
Nbd7 9. Qe2 Bg4 10. h3 Bxf3 11. Qxf3 O-O 12. Rd1 Rc8 13. e4 e5 14. Bg5 ({
Mehrverspreched ist} 14. Be3 {, was Weiß Erfolg in Leko-Gelfand, Moskau 2006,
brachte.}) 14... Qe7 $6 ({Jonny Hector spielt immer auf Gewinn, und nach} 14...
exd4 15. Rxd4 Ne5 16. Qe3 $5 ({gut für Schwarz war} 16. Qd1 Qe7 17. Qb3 Bc5 {
, Lipinsky-Hector, Deutsche Bundesliga l998)}) 16... Qe7 17. Bxf6 {ist schwer
remis zu vermeiden, wie} gxf6 ({oder} 17... Qxf6 18. Bxf7+ Qxf7 19. Rxb4 c5 20.
Rb5 Nc4 21. Qg3 Rc6 22. Nd5 Rg6 23. Qh4 Rh6 $11) 18. Be2 Bc5 19. Qg3+ Kh8 20.
Rd2 Rg8 21. Qf4 Ng6 22. Qh6 Rcd8 23. Rad1 Rxd2 24. Rxd2 $11 {zeigt.}) 15. d5 ({
Zum Ausgleich reichte} 15. Qf5 g6 16. Bxf6 Nxf6 17. Qxe5 Qxe5 18. dxe5 Bxc3 19.
exf6 Bxf6 20. Rd7 Rce8 21. Rad1 Rxe4 22. b3 $11) 15... h6 16. Be3 $6 ({Mit} 16.
Bh4 Qc5 17. dxc6 Qxc6 18. Bb5 Qe6 19. Bxd7 Nxd7 20. Nd5 $14 {war mehr zu
erreichen.}) 16... a5 $2 ({Vermeidet Ausgleich nach} 16... Nb6 17. Bb3 cxd5 18.
Nxd5 Nbxd5 19. exd5 Bc5 20. Bxc5 Qxc5 21. d6 Rc6 22. Rd2 Rd8 23. Rad1 $11) 17.
Rac1 Rfd8 18. dxc6 bxc6 19. Ne2 Kh7 20. Ng3 g6 21. h4 Kg7 ({Auf} 21... Bc5 {
käme stark} 22. Bxc5 Nxc5 23. Rxd8 Rxd8 24. Bxf7 Kg7 25. Bc4 Rd4 26. h5 $16)
22. h5 ({Nachahltiger war} 22. Ba6 $5 Rc7 23. Rc2 $16 {mit weißem Druckspiel.})
22... Nf8 23. Rxd8 Rxd8 24. Bxf7 Qxf7 ({Auch bei} 24... Kxf7 25. Rxc6 Rd6 26.
Rc1 Rd3 27. hxg6+ Nxg6 28. Nf5 Qd7 29. Nxh6+ Kg7 30. Nf5+ Kf7 $11 {hat Weiß
nicht mehr als remis.}) 25. hxg6 Qxg6 26. Rxc6 N8h7 $6 ({Vorsichtiger war} 
26... Kf7 27. Nf5 Ne6 28. Nxh6+ Ke7 29. Ra6 Nd4 30. Bxd4 ({oder} 30. Qh3 Qxe4
31. Bg5 Rd6 32. Ng8+ Kf7 33. Nxf6 Qb1+ 34. Kh2 Rxa6 35. Qd7+ Kg6 36. Qh7+ Kxg5
37. Qxb1 Kxf6 $11) 30... Qxh6 31. Be3 Qg6 32. Ra7+ Rd7 33. Ra6 Rd6 $11 {
mit Ausgleich.}) 27. Bxh6+ Kh8 28. Nf5 Bf8 ({Nach} 28... Ng5 29. Bxg5 Qxg5 30.
Qh3+ Kg8 31. Qb3+ Kh8 32. g3 $14 {behält Weiß die Initiative.}) 29. Bxf8 Rxf8
$6 ({Richtig war} 29... Ng5 {, wenn auch nach} 30. Qb3 Rxf8 31. Qg3 Qh5 32. Qh4
Qxh4 33. Nxh4 Kg7 34. f3 $14 {Weiß der Herr der Lage bleibt.}) 30. Qc3 Nxe4 31.
Qxe5+ Nef6 32. Ne7 $6 ({Vorteil versprach} 32. Rc4 Rg8 33. g3 Qh5 34. Rh4 Qd1+
35. Kh2 Qd8 36. Nd6 $16) 32... Qg7 33. Rc7 Re8 34. f4 Rd8 35. Nd5 $2 ({Hier war
} 35. Nf5 Qg4 36. Rc1 Re8 37. Qxa5 Qxf4 $11 {mit Ausgleich angebracht.}) 35...
Nd7 $2 ({Dies ist schon Pech. Schwarz hat viel riskiert, und hätte nach} 35...
Rxd5 36. Rxg7 Rxe5 37. fxe5 Kxg7 38. exf6+ Kxf6 39. Kf2 Ke5 40. Ke3 Nf6 $19 {
leicht gewinnen können.}) 36. Qxg7+ Kxg7 37. Ra7 Nhf8 38. Nb6 $2 ({Nach} 38.
Rxa5 $16 {wäre Weiß im Vorteil.}) 38... Kf6 39. Nxd7+ Rxd7 40. Rxa5 Ne6 41. g4
Rd4 42. Rf5+ Kg6 43. a5 Nxf4 44. a6 Ra4 45. b4 Ra1+ 46. Kh2 Ra2+ 47. Kh1 Ne6
48. Ra5 Rxa5 49. bxa5 Kg5 1/2-1/2

[Event "Peristeri"]
[Site "Peristeri"]
[Date "1994.??.??"]
[Round "1"]
[White "Kotronias, Vasilios"]
[Black "Frendzas, Panayotis"]
[Result "1-0"]
[WhiteElo "2545"]
[BlackElo "2380"]
[Annotator "Hecht,H"]
[PlyCount "93"]
[EventDate "1994.??.??"]
[EventType "tourn"]
[EventRounds "9"]
[EventCountry "GRE"]
[EventCategory "9"]
[SourceTitle "CBM 046"]
[Source "ChessBase"]
[SourceDate "1995.06.01"]
[SourceVersion "1"]
[SourceVersionDate "1995.06.01"]
[SourceQuality "1"]

1. d4 Nf6 2. c4 c6 3. Nc3 d5 4. Nf3 dxc4 5. a4 Bf5 6. e3 e6 7. Bxc4 Bb4 8. O-O
Nbd7 9. Qe2 Bg6 10. e4 O-O 11. Bd3 Bh5 12. Bf4 Re8 13. e5 Nd5 14. Nxd5 cxd5 15.
Rfc1 a6 16. Qc2 Bxf3 17. gxf3 Nf8 18. Qb3 Qb6 19. Be3 Rec8 20. Rc2 Ba5 21. Qxb6
Bxb6 22. a5 Rxc2 23. Bxc2 Bd8 24. f4 Rc8 25. Bd3 Be7 26. f5 Nd7 27. f4 g6 28.
f6 Bb4 29. Ra4 Bf8 30. Kf2 Nb8 31. Bd2 Nc6 32. Ke3 h5 33. Be2 Bh6 34. Kd3 Kf8
35. Bf3 Ke8 36. f5 Bxd2 37. Kxd2 exf5 38. Bxd5 Rd8 39. Bxc6+ bxc6 40. Ke3 $16 {
Der klare weisse Vorteilgründet sich auf: staken Raumvorteil, aktiven K. Der
Gewinn wird in der Partie mit den Mitteln der Umgehung und des Zugzwanges
erzielt.} Rb8 41. Rc4 Kd7 42. b4 Rb5 43. h4 Rb7 44. Kf4 Rb8 45. Kg5 Rh8 46. Rc5
{Zugzwang!} Rb8 (46... Kc7 47. d5 $18) (46... Rh7 47. e6+ Kxe6 (47... fxe6 48.
Kxg6 Rh8 49. Kg7 $18) 48. Rxc6+ Kd7 49. Rxa6 $18) 47. Kh6 1-0

[Event "Budapest FS04 GM-A"]
[Site "Budapest"]
[Date "2002.04.06"]
[Round "5"]
[White "Gonda, Laszlo"]
[Black "Nakamura, Hikaru"]
[Result "0-1"]
[WhiteElo "2359"]
[BlackElo "2466"]
[Annotator "Hecht,H"]
[PlyCount "104"]
[EventDate "2002.04.02"]
[EventType "tourn"]
[EventRounds "13"]
[EventCountry "HUN"]
[EventCategory "9"]
[SourceTitle "CBM 089"]
[Source "ChessBase"]
[SourceDate "2002.08.12"]
[SourceVersion "1"]
[SourceVersionDate "2002.08.12"]
[SourceQuality "1"]

1. d4 d5 2. Nf3 Nf6 3. c4 c6 4. Nc3 dxc4 5. a4 Bf5 6. e3 e6 7. Bxc4 Nbd7 8. O-O
Bb4 9. Qe2 O-O 10. Rd1 Qa5 11. Bd2 e5 12. Na2 Bxd2 13. Qxd2 Qc7 14. dxe5 Nxe5
15. Nxe5 Qxe5 16. Nc3 Ng4 17. Qd6 Bc2 18. Rd2 Qxd6 19. Rxd6 Rad8 20. Rxd8 Rxd8
21. Be2 Ne5 22. Kf1 a5 23. f4 Nd7 24. Rc1 Bb3 25. Bd1 Bc4+ 26. Ke1 Re8 27. Kf2
Nc5 28. Bc2 Bd3 29. Kf3 f5 30. Bxd3 Nxd3 31. Rb1 h6 32. e4 fxe4+ 33. Nxe4 Rd8
34. Rd1 Ne5+ 35. Ke2 Rxd1 36. Kxd1 Nd3 {Springerendspiel mit verteilten
Bauernmehrheiten, das nach Verbrennen der meisten Bauern in ein
uninteressantes Remis zu versickern scheint....} 37. Nd6 b6 38. Nc4 b5 39. axb5
cxb5 40. Nxa5 Nxb2+ 41. Kc2 Na4 42. Nb7 Nb6 43. Nd6 b4 44. Kb3 Nd5 45. g3 Kf8
46. Kc4 Ne3+ 47. Kxb4 Nf1 48. Kc4 Ke7 49. Kd5 Nxh2 50. Nf5+ Kf6 51. Ne3 Kg6 52.
g4 $2 {Wenn es vielleicht nicht der entscheidende Fehler war, so doch ein
außerordentlich riskanter Zug.} Nxg4 $1 {Aufgeben musste man auch nicht sofort.
} (52... Nxg4 53. Nxg4 Kf5 54. Ne5 Kxf4 (54... h5 55. Nd3 h4 56. Kd4 h3 57. Ke3
$11) 55. Ke6 g5 (55... h5 56. Ng6+ Kg5 57. Kf7 $11) 56. Nd3+ {oder auch Sg6+
macht wohl remis}) 0-1

[Event "Moscow Aeroflot op"]
[Site "Moscow"]
[Date "2002.02.07"]
[Round "5"]
[White "Obodchuk, Andrei"]
[Black "Gagunashvili, Merab"]
[Result "0-1"]
[WhiteElo "2438"]
[BlackElo "2486"]
[Annotator "Hecht,H"]
[PlyCount "190"]
[EventDate "2002.02.04"]
[EventType "swiss"]
[EventRounds "9"]
[EventCountry "RUS"]
[SourceTitle "CBM 088"]
[Source "ChessBase"]
[SourceDate "2002.03.21"]
[SourceVersion "1"]
[SourceVersionDate "2002.03.21"]
[SourceQuality "1"]

1. d4 d5 2. c4 c6 3. Nf3 Nf6 4. Nc3 dxc4 5. a4 Bf5 6. e3 e6 7. Bxc4 Bb4 8. O-O
O-O 9. Qe2 Nbd7 10. e4 Bg4 11. Bg5 e5 12. d5 Bxc3 13. bxc3 Qc7 14. h3 cxd5 15.
Bxd5 Nxd5 16. exd5 Bh5 17. g4 Bg6 18. Be7 Rfc8 19. Rfc1 f6 20. c4 Nc5 21. Bxc5
Qxc5 22. Nh4 Be8 23. Nf5 Bd7 24. Ng3 b6 25. Qd2 a5 26. Kh2 Qb4 27. Qa2 Rc7 28.
Rab1 Qc5 29. d6 Rc6 30. Rb5 Qd4 31. Rxb6 Rxb6 32. c5+ Kf8 33. cxb6 Qxb6 34. Ne4
Qd4 35. Rc4 Qd3 36. Nc5 Qxd6 37. Nxd7+ Qxd7 38. Qc2 Kg8 39. Rc7 Qd4 40. Rc4 Qd8
41. Rc7 Kh8 42. Qc6 Qf8 43. Rf7 Qg8 44. Rc7 h6 45. Qd7 Qh7 46. Qd5 Rb8 47. Qxa5
Qe4 48. Qc5 Qf4+ 49. Kg2 Qe4+ 50. Kh2 Qf4+ 51. Kg2 Qxa4 52. Rc8+ Rxc8 53. Qxc8+
Kh7 {4-3 Bauern auf einem Flügel Thema: Umgehung} 54. Qf5+ Kg8 55. Qe6+ Kf8 56.
Qd6+ Kf7 57. Qd5+ Ke7 58. Qc5+ Ke6 59. Qb6+ Kf7 60. Qb7+ Kf8 61. Qc8+ Qe8 62.
Qc5+ Kg8 63. Qd5+ Qf7 64. Qa8+ Kh7 65. Qe4+ Qg6 66. Qc4 Qb1 67. Qd5 Qc2 68. Kg1
(68. Qf7 $144 {wendet sich gegen Kg6} Qe4+ 69. Kg3 Qf4+ 70. Kg2 e4 71. Qe6 Qf3+
72. Kg1 {und es geht nicht so recht weiter, weil Weiß Wartezüge mit der Dame
zwischen e6 und e8 hat und der Tausch des Be4 gegen den Bh3 sofort zum Remis
führen würde.}) 68... Kg6 69. Kg2 Kg5 70. Qb7 g6 71. Qf3 Qd2 72. Qg3 h5 73. h4+
Kh6 74. g5+ Kg7 (74... fxg5 75. Qxe5 Qd8 76. Qe3 Qf6 77. Kf1 Qf4 (77... Qf5
$142 78. hxg5+ Qxg5 79. f4 Qf5 80. Qd4 $15 {oder Kg2}) 78. Qxf4 (78. hxg5+ $143
Kxg5) 78... gxf4 79. Kg2 g5 80. Kf3 Kg6 81. Ke4 Kf6 82. f3 Kg6 83. Ke5 Kh6 84.
Kf5 gxh4 85. Kxf4 Kg6 86. Ke3 $11) 75. gxf6+ Kxf6 76. Qf3+ Ke6 77. Qc6+ Qd6 78.
Qc8+ Kd5 79. Qg8+ (79. Qc2 Qc6 80. Qd3+ Ke6+ 81. Kg3 $15) 79... Kd4 80. Qg7
Qc6+ 81. Kg3 Qd6 82. Qa7+ Kc3 83. Qa1+ Kd2 84. Qb2+ Ke1 85. Qa1+ Kd2 86. Qb2+
Ke1 87. Qc1+ Qd1 88. Qc3+ $2 {Weiß läßt die Umgehung seiner Stellung zu seinem
Nachteil zu.} (88. Qc4 $1 {[%csl Gf1]} Qd2 (88... Qe2 89. Qc1+ Qd1 90. Qc4 $11)
(88... Qg4+ 89. Qxg4 hxg4 90. f3 gxf3 91. Kxf3 Kf1 92. Ke4 Kg2 93. Kxe5 Kg3 94.
Kf6 $11) 89. Qe4+ Kf1 90. Qh1+ Ke2 91. Qf3+ $11) 88... Kf1 89. Qc4+ Kg1 $19 {
[%cal Rd1g4]} 90. Qe4 (90. f3 Qe1+ 91. Kh3 Qd2 92. Qc5+ Kh1 $19) 90... Qg4+ 91.
Qxg4 hxg4 92. f3 (92. Kxg4 Kxf2 93. Kg5 e4 94. Kxg6 e3 95. h5 e2 96. h6 e1=Q
97. h7 Qe5 $19) 92... gxf3 93. Kxf3 Kh2 94. Kg4 e4 95. Kf4 Kh3 (95... Kh3 96.
Kxe4 Kxh4 97. Kf3 g5 98. Kg2 Kg4 $19) 0-1

[Event "Donner Memorial-A"]
[Site "Amsterdam"]
[Date "1994.??.??"]
[Round "7"]
[White "Lobron, Eric"]
[Black "Lautier, Joel"]
[Result "1/2-1/2"]
[WhiteElo "2580"]
[BlackElo "2645"]
[Annotator "Hertneck,G"]
[PlyCount "57"]
[EventDate "1994.08.??"]
[EventType "tourn"]
[EventRounds "9"]
[EventCountry "NED"]
[EventCategory "15"]
[SourceTitle "CBM 043"]
[Source "ChessBase"]
[SourceDate "1994.12.01"]
[SourceVersion "1"]
[SourceVersionDate "1994.12.01"]
[SourceQuality "1"]

1. d4 d5 2. c4 c6 3. Nf3 Nf6 4. Nc3 dxc4 5. a4 Bf5 6. e3 e6 7. Bxc4 Bb4 8. O-O
Nbd7 9. Qe2 Bg4 $5 {Popularized by Ivanchuk} 10. Rd1 (10. h3 Bxf3 11. Qxf3 O-O
12. Rd1 Qa5 {Beliavsky,A-Ivanchuk,V/Linares/1994}) 10... Qa5 11. e4 O-O (11...
Bxc3 12. bxc3 Qxc3 13. Ba3 $44) 12. e5 Nd5 13. Nxd5 cxd5 14. Bd3 h6 (14... f5
$6 15. exf6 Rxf6 $2 16. Bxh7+ $16) 15. h3 Bh5 (15... Bxf3 16. Qxf3 f5 17. exf6
Rxf6 18. Qe2 $14) 16. g4 Bg6 17. g5 $1 hxg5 (17... h5 $2 18. Bxg6 fxg6 19. Nh4
$16) 18. Nxg5 Rfe8 (18... Bxd3 $2 19. Qxd3 g6 20. Nxe6 fxe6 21. Qxg6+ Kh8 22.
Qh5+ $1 Kg8 23. Bh6 $18) 19. Bxg6 fxg6 20. Be3 Nf8 21. Qf3 Qc7 22. Rac1 Qd7 23.
Rc2 Rac8 24. Rdc1 Rxc2 25. Rxc2 Nh7 $1 $10 26. Nxh7 Kxh7 27. b3 Rf8 28. Qg4 Rc8
29. Rxc8 1/2-1/2

[Event "Hoogovens-B"]
[Site "Wijk aan Zee"]
[Date "1992.01.??"]
[Round "11"]
[White "Bronstein, David Ionovich"]
[Black "Finegold, Benjamin"]
[Result "1-0"]
[WhiteElo "2465"]
[BlackElo "2465"]
[Annotator "Hertneck,G"]
[PlyCount "145"]
[EventDate "1992.01.??"]
[EventType "tourn"]
[EventRounds "11"]
[EventCountry "NED"]
[EventCategory "10"]
[SourceTitle "CBM 028"]
[Source "ChessBase"]
[SourceDate "1992.06.01"]
[SourceVersion "1"]
[SourceVersionDate "1992.06.01"]
[SourceQuality "1"]

1. d4 d5 2. c4 c6 3. Nf3 Nf6 4. Nc3 dxc4 5. a4 Bf5 6. e3 e6 7. Bxc4 Bb4 8. O-O
Nbd7 9. Qe2 Bg6 10. e4 O-O $1 (10... Bxc3 11. bxc3 Nxe4 12. Ba3 Qc7 13. Nd2 $1
{|^ /^ a3-f8, <-> e,b}) 11. Bd3 Bh5 12. Bf4 e5 $6 13. dxe5 Ng4 14. Qc2 Re8 {TN}
(14... Qe7 15. Be2 $1 (15. Qb3 a5 16. Na2 Bc5 17. Rac1 Ngxe5 18. Nxe5 Nxe5 19.
Bxe5 Qxe5 20. Qxb7 Rad8 $44 {Beljavsky,A-Meduna,E,Lvov 1981,i32/502}) 15... Bg6
16. Bg3 h6 (16... Ngxe5 $4 17. Nxe5 Nxe5 18. f4 $18) 17. Nh4 $16 {Velikov,
P-Meduna,E,Baile Herculane 1982}) 15. Be2 Bg6 (15... Ngxe5 $2 16. Nxe5 Bxe2 17.
Nxc6 $16) 16. Rad1 (16. Bg3 Ngxe5 17. Nxe5 Nxe5 18. f4 Nc4 19. f5 $1 $16) 16...
Qc8 17. e6 (17. Bg3 Ngxe5 18. Nxe5 Nxe5 19. f4 (19. Bxe5 Rxe5 20. f4 Bxc3 21.
fxe5 Bxe5 $15) 19... Ng4 $13) 17... fxe6 (17... Rxe6 18. Ng5 $18) 18. Nh4 Nge5
19. Bxe5 Nxe5 20. f4 Nd7 21. Nxg6 hxg6 {+/=/+/- _|_} 22. Bc4 Nb6 23. Ba2 Qc7
24. f5 Bxc3 25. bxc3 gxf5 26. exf5 Nd5 27. fxe6 Rxe6 28. Qf5 Rh6 29. h3 Kh8 30.
Bb1 Rg8 31. Qf3 Qb6+ 32. Rd4 Qc5 33. Kh1 Nxc3 34. Rd7 Nxb1 35. Rxb1 b5 36. axb5
cxb5 37. Re1 a6 38. Ree7 Qc6 39. Qg4 Qf6 40. Rf7 Qa1+ 41. Rd1 Qe5 42. Rfd7 Qe6
43. Qg3 Qg6 44. Qa3 Re8 45. Kh2 Qf6 46. Qd3 Rg6 47. Rd5 Rg5 48. Rd4 Qf2 49. Rg1
Rf8 50. Kh1 a5 51. Qc3 a4 52. Qb4 Rf6 53. Rd8+ Kh7 54. Qe4+ Qf5 55. Qa8 Qe6 56.
Rc1 Qe3 57. Rcd1 Rg3 58. Rh8+ Kg6 59. Qd5 Rg5 60. Qg8 Rh5 61. Rxh5 Kxh5 62.
Qxg7 Qe5 63. Qh7+ Kg5 64. h4+ Kg4 65. Qg8+ Kxh4 66. g3+ Qxg3 67. Qh8+ Kg4 68.
Qxf6 Qh3+ 69. Kg1 Qg3+ 70. Kf1 Qh3+ 71. Ke2 Qg2+ 72. Kd3 Qg3+ 73. Kd4 1-0

[Event "Dos Hermanas 10th"]
[Site "Dos Hermanas"]
[Date "1999.04.07"]
[Round "2"]
[White "Illescas Cordoba, Miguel"]
[Black "Gelfand, Boris"]
[Result "1/2-1/2"]
[WhiteElo "2585"]
[BlackElo "2691"]
[Annotator "Huebner,R"]
[PlyCount "43"]
[EventDate "1999.04.06"]
[EventType "tourn"]
[EventRounds "9"]
[EventCountry "ESP"]
[EventCategory "19"]
[SourceTitle "CBM 071"]
[Source "ChessBase"]
[SourceDate "1999.08.01"]
[SourceVersion "1"]
[SourceVersionDate "1999.08.01"]
[SourceQuality "1"]

1. Nf3 d5 2. d4 Nf6 3. c4 c6 4. Nc3 dxc4 5. a4 Bf5 6. e3 e6 7. Bxc4 Bb4 8. O-O
O-O 9. Qe2 Bg6 10. Ne5 Nbd7 11. Nxg6 hxg6 12. Qc2 Rc8 {Da Weiß den Vorstoß
e6-e5 verhindert hat, bereitet Schwarz c6-c5 vor.} (12... Qa5 13. Be2 c5 $11 {
1-0 Flohr,S-Furman,S/Moscow 1948/URS-ch (41)}) 13. Rd1 Qe7 14. a5 a6 15. Qb3 c5
16. Bd2 Rc7 17. Be2 Rd8 18. dxc5 Bxc5 19. Be1 Rdc8 20. Na4 Bd6 21. h3 e5 22.
Nb6 1/2-1/2